[Event "GER-ch Net blitz sf"]
[Site "Playchess.com INT"]
[Date "2021.06.05"]
[Round "8"]
[White "Serbu, Eli"]
[Black "Kurley, Roman"]
[Result "0-1"]
[WhiteElo "2401"]
[BlackElo "2027"]
[PlyCount "158"]
[EventDate "2021.06.05"]
[EventType "swiss (blitz)"]
[EventRounds "13"]
[EventCountry "GER"]
[SourceTitle "EXT 2023"]
[Source "ChessBase"]
[SourceDate "2022.10.05"]
[SourceVersion "1"]
[SourceVersionDate "2022.10.05"]
[SourceQuality "1"]

1. e4 c6 2. d4 d5 3. exd5 cxd5 4. Bd3 Nf6 5. c3 Nc6 6. Bf4 Bg4 7. Qb3 Qc8 8. Nd2 e6 9. Ngf3 Be7 10. 0-0 0-0 11. Ne5 Nxe5 12. dxe5 Nd7 13. Qc2 g6 14. Rae1 Nc5 15. Bh6 Rd8 16. Nb3 Nxd3 17. Qxd3 Bf5 18. Qf3 Be4 19. Qg3 Qc4 20. Re3 Bf5 21. Nd4 Be4 22. f3 Bf5 23. Nxf5 exf5 24. e6 f6 25. Kh1 Rac8 26. h4 Qxf1+ 27. Kh2 d4 28. Re1 Qc4 29. h5 g5 30. Kh3 dxc3 31. bxc3 Qh4+ 32. Qxh4 gxh4 33. Re3 Rd1 34. Kxh4 Rh1+ 35. Kg3 Bd6+ 36. Bf4 Bxf4+ 37. Kxf4 Rxh5 38. Rd3 Kf8 39. Rd7 Rc4+ 40. Kg3 f4+ 41. Kg4 Rg5+ 42. Kh4 Re5 43. Rf7+ Kg8 44. Rxf6 Rc6 45. Rxf4 Rexe6 46. Rd4 Rxc3 47. Rd7 Rb6 48. f4 Rcc6 49. g4 Rd6 50. Rc7 Rb4 51. f5 Rdd4 52. Kg5 Rxg4+ 53. Kf6 Rb6+ 54. Ke5 Rg1 55. f6 Re1+ 56. Kf5 Rf1+ 57. Kg5 Rfxf6 58. Rc8+ Kg7 59. Rc7+ Rf7 60. Rc5 a6 61. Kg4 Rg6+ 62. Kh4 Rf1 63. Rc7+ Kh6 64. Rc3 Rh1+ 65. Rh3 Rxh3+ 66. Kxh3 Rb6 67. a3 Rb2 68. a4 Ra2 69. a5 Rxa5 70. Kh4 Rb5 71. Kh3 a5 72. Kh4 a4 73. Kg4 a3 74. Kf4 a2 75. Ke4 a1Q 76. Kd3 Qa4 77. Kc3 Rb3+ 78. Kd2 Qa2+ 79. Kc1 Rb1# 0-1

[Event "GER-ch Net blitz qual3"]
[Site "Playchess.com INT"]
[Date "2021.05.07"]
[Round "1"]
[White "Kurley, Roman"]
[Black "Buss, Alexander"]
[Result "1-0"]
[WhiteElo "1888"]
[BlackElo "1594"]
[PlyCount "65"]
[EventDate "2021.05.07"]
[EventType "swiss (blitz)"]
[EventRounds "11"]
[EventCountry "GER"]
[SourceTitle "CBM 202 Extra"]
[Source "ChessBase"]
[SourceDate "2021.07.31"]
[SourceVersion "1"]
[SourceVersionDate "2021.07.31"]
[SourceQuality "1"]

1. f4 d5 2. Nf3 Nc6 3. e3 Nf6 4. Bb5 Bd7 5. 0-0 e6 6. b3 a6 7. Bxc6 Bxc6 8. Bb2 Be7 9. d3 0-0 10. Nbd2 b5 11. Ne5 Bb7 12. Qe1 c5 13. Qg3 Nh5 14. Qh3 g6 15. Ng4 f5 16. Ne5 Bf6 17. Ndf3 c4 18. g4 fxg4 19. Qxg4 Bg7 20. Qxe6+ Kh8 21. Ng5 Qf6 22. Nef7+ Rxf7 23. Nxf7+ Qxf7 24. Qxf7 Bxb2 25. Qxb7 Bxa1 26. Qxa8+ Kg7 27. Rxa1 Nxf4 28. exf4 cxb3 29. axb3 d4 30. Rxa6 h5 31. Qc6 b4 32. Qxg6+ Kf8 33. Ra7 1-0

[Event "GER-ch Net blitz qual3"]
[Site "Playchess.com INT"]
[Date "2021.05.07"]
[Round "7"]
[White "Kurley, Roman"]
[Black "Heinrich, Thomas"]
[Result "1/2-1/2"]
[WhiteElo "1888"]
[BlackElo "2068"]
[PlyCount "142"]
[EventDate "2021.05.07"]
[EventType "swiss (blitz)"]
[EventRounds "11"]
[EventCountry "GER"]
[SourceTitle "CBM 202 Extra"]
[Source "ChessBase"]
[SourceDate "2021.07.31"]
[SourceVersion "1"]
[SourceVersionDate "2021.07.31"]
[SourceQuality "1"]

1. f4 Nf6 2. Nf3 c5 3. e3 e6 4. b3 b6 5. Bb2 Bb7 6. Be2 Be7 7. 0-0 d6 8. c4 Nbd7 9. Nc3 a6 10. d4 cxd4 11. exd4 d5 12. Ne5 0-0 13. Bf3 Rc8 14. Rc1 Ne4 15. Bxe4 dxe4 16. d5 exd5 17. Nxd5 Nf6 18. Ne3 Bc5 19. Qe2 Qe7 20. Kh1 Rfd8 21. Rfd1 a5 22. Bc3 Ba3 23. Rc2 Rxd1+ 24. Qxd1 Rd8 25. Rd2 Rxd2 26. Qxd2 Bc5 27. h3 h6 28. Bd4 Qd6 29. Nf5 Qe6 30. Bxc5 Qxf5 31. Bxb6 e3 32. Qxe3 Qb1+ 33. Kh2 Qxa2 34. Nf3 a4 35. bxa4 Qxa4 36. Ne5 Qc2 37. Qg3 Ne4 38. Qf3 f6 39. Ng6 Nd6 40. Qg3 Nxc4 41. Bd8 Be4 42. Ne7+ Kf7 43. Nc8 Ne3 44. Nd6+ Ke6 45. Nxe4 Qxe4 46. Qxg7 Nf1+ 47. Kg1 Nd2 48. Qxf6+ Kd5 49. Qf7+ Kd4 50. Qd7+ Ke3 51. Bb6+ Ke2 52. Qb5+ Kd1 53. Bf2 Qxf4 54. Qd5 Ke2 55. Qb5+ Kd1 56. Qd3 Qe4 57. Qxe4 Nxe4 58. Be3 h5 59. Kh2 Ke2 60. Bc1 Nf6 61. Kg3 Kf1 62. Kf3 Nd5 63. g3 Ne7 64. Kf4 Kg2 65. h4 Nd5+ 66. Kg5 Kxg3 67. Kxh5 Nf6+ 68. Kg5 Ne4+ 69. Kh5 Nf6+ 70. Kg5 Ne4+ 71. Kh5 Nf6+ 1/2-1/2

[Event "GER-ch Net blitz qual3"]
[Site "Playchess.com INT"]
[Date "2021.05.07"]
[Round "9"]
[White "Kurley, Roman"]
[Black "Singh, Marcel"]
[Result "1-0"]
[WhiteElo "1888"]
[BlackElo "2027"]
[PlyCount "127"]
[EventDate "2021.05.07"]
[EventType "swiss (blitz)"]
[EventRounds "11"]
[EventCountry "GER"]
[SourceTitle "CBM 202 Extra"]
[Source "ChessBase"]
[SourceDate "2021.07.31"]
[SourceVersion "1"]
[SourceVersionDate "2021.07.31"]
[SourceQuality "1"]

1. f4 e5 2. fxe5 d6 3. exd6 Bxd6 4. Nf3 g5 5. g3 g4 6. Nh4 Be7 7. Ng2 Nc6 8. c3 h5 9. d4 h4 10. Bf4 h3 11. Ne3 Bg5 12. Bxg5 Qxg5 13. Qd3 Be6 14. Nd2 f5 15. 0-0-0 0-0-0 16. Kb1 Nf6 17. Nec4 Rhe8 18. e3 Bd5 19. Rg1 Ne4 20. Qe2 Nxd2+ 21. Qxd2 b5 22. Na3 a6 23. Nc2 Ne5 24. Be2 Nf3 25. Bxf3 Bxf3 26. Rde1 Re7 27. Kc1 Rde8 28. Rgf1 Kb7 29. Rf2 Be4 30. Rf4 Bxc2 31. Kxc2 Re4 32. Qf2 Qe7 33. Kd2 b4 34. Rxe4 bxc3+ 35. bxc3 Qxe4 36. Qf4 Qg2+ 37. Re2 Qe4 38. Qxe4+ Rxe4 39. Rf2 Re6 40. Rxf5 Rb6 41. Kc2 Re6 42. Re5 Rxe5 43. dxe5 Kc6 44. Kd3 Kd5 45. a4 Kxe5 46. a5 c5 47. c4 Kf5 48. e4+ Ke5 49. Ke3 Kf6 50. Kf4 Ke6 51. Kxg4 Ke5 52. Kxh3 Kxe4 53. g4 Kd4 54. g5 Kxc4 55. g6 Kb4 56. g7 c4 57. g8Q Kxa5 58. Qxc4 Kb6 59. Qa2 a5 60. Kg4 Kb5 61. h4 Kb4 62. h5 a4 63. h6 a3 64. h7 1-0

[Event "GER-ch Net blitz qual2"]
[Site "Playchess.com INT"]
[Date "2021.05.04"]
[Round "5"]
[White "Hoppe, Thilo"]
[Black "Kurley, Roman"]
[Result "1-0"]
[WhiteElo "2054"]
[BlackElo "1811"]
[PlyCount "75"]
[EventDate "2021.05.04"]
[EventType "swiss (blitz)"]
[EventRounds "11"]
[EventCountry "GER"]
[SourceTitle "CBM 202 Extra"]
[Source "ChessBase"]
[SourceDate "2021.07.31"]
[SourceVersion "1"]
[SourceVersionDate "2021.07.31"]
[SourceQuality "1"]

1. d4 d5 2. c4 c6 3. Nf3 Nf6 4. Nc3 e6 5. Bg5 h6 6. Bh4 Be7 7. e3 0-0 8. Rc1 Nbd7 9. Bd3 dxc4 10. Bxc4 b5 11. Bd3 Bb7 12. a4 a6 13. 0-0 b4 14. Bxf6 Bxf6 15. Ne4 Be7 16. Nc5 Nxc5 17. dxc5 a5 18. Qe2 Qc7 19. Rfd1 Rfd8 20. e4 e5 21. h3 Bc8 22. Bc4 Be6 23. Bxe6 fxe6 24. Qc4 Kf7 25. b3 Rxd1+ 26. Rxd1 Rd8 27. Rxd8 Bxd8 28. g3 Bf6 29. Kg2 g5 30. Qa6 h5 31. Qa8 Bd8 32. Nd2 g4 33. hxg4 hxg4 34. Nc4 Kf6 35. Nd6 Ke7 36. Qa6 Kd7 37. Qd3 Be7 38. Nb5+ 1-0

[Event "GER-ch Net blitz qual2"]
[Site "Playchess.com INT"]
[Date "2021.05.04"]
[Round "9"]
[White "Kurley, Roman"]
[Black "Kleeschaetzky, Rainer"]
[Result "1-0"]
[WhiteElo "1811"]
[BlackElo "2108"]
[PlyCount "91"]
[EventDate "2021.05.04"]
[EventType "swiss (blitz)"]
[EventRounds "11"]
[EventCountry "GER"]
[SourceTitle "CBM 202 Extra"]
[Source "ChessBase"]
[SourceDate "2021.07.31"]
[SourceVersion "1"]
[SourceVersionDate "2021.07.31"]
[SourceQuality "1"]

1. f4 c5 2. Nf3 Nc6 3. g3 g6 4. Bg2 Bg7 5. 0-0 e6 6. d3 Nge7 7. c3 d6 8. e4 0-0 9. Be3 Rb8 10. a4 a6 11. Qc2 b5 12. axb5 axb5 13. Na3 b4 14. Nc4 Bd7 15. Nxd6 Qb6 16. Nc4 Qb5 17. e5 Nd5 18. Bf2 Rfd8 19. Nfd2 Bf8 20. Ne4 bxc3 21. bxc3 Qb3 22. Rfc1 Qxc2 23. Rxc2 Rb3 24. Ra3 Rxa3 25. Nxa3 Ra8 26. Nc4 Ra1+ 27. Bf1 Na5 28. Nxc5 Bxc5 29. Bxc5 Nxc4 30. dxc4 Nc7 31. Rd2 Bc6 32. Rd8+ Ne8 33. Kf2 h5 34. Rc8 Ba4 35. Be2 Kh7 36. h3 Ra2 37. Ke3 Ng7 38. g4 hxg4 39. hxg4 Rc2 40. Bd4 Rc1 41. Rc7 Kg8 42. c5 Ne8 43. Rc8 Bd7 44. Rd8 Bc6 45. Bf3 Ba4 46. c6 1-0

[Event "GER-ch Net blitz qual2"]
[Site "Playchess.com INT"]
[Date "2021.05.04"]
[Round "3"]
[White "Lenze, Thomas"]
[Black "Kurley, Roman"]
[Result "0-1"]
[WhiteElo "1569"]
[BlackElo "1811"]
[PlyCount "52"]
[EventDate "2021.05.04"]
[EventType "swiss (blitz)"]
[EventRounds "11"]
[EventCountry "GER"]
[SourceTitle "CBM 202 Extra"]
[Source "ChessBase"]
[SourceDate "2021.07.31"]
[SourceVersion "1"]
[SourceVersionDate "2021.07.31"]
[SourceQuality "1"]

1. e4 c6 2. d4 d5 3. Nd2 dxe4 4. Nxe4 Nf6 5. Nxf6+ exf6 6. Nf3 Bd6 7. Be3 0-0 8. h3 Nd7 9. Bd3 Re8 10. 0-0 Nf8 11. c3 Qc7 12. Qc2 Be6 13. Nd2 Re7 14. Nc4 Bf4 15. Qd2 Ng6 16. Bxg6 Bh2+ 17. Kh1 hxg6 18. Na3 Rae8 19. Nc2 Bd6 20. Ne1 g5 21. b3 Qd7 22. Nf3 Bxh3 23. Nh2 Be6 24. g3 Bd5+ 25. Kg1 Qh3 26. f4 Qxg3+ 0-1

[Event "GER-ch Net blitz qual1"]
[Site "Playchess.com INT"]
[Date "2021.04.24"]
[Round "9"]
[White "Kurley, Roman"]
[Black "Schondorf, Andree"]
[Result "1-0"]
[WhiteElo "1620"]
[BlackElo "1857"]
[PlyCount "189"]
[EventDate "2021.04.24"]
[EventType "swiss (blitz)"]
[EventRounds "11"]
[EventCountry "GER"]
[SourceTitle "CBM 202 Extra"]
[Source "ChessBase"]
[SourceDate "2021.07.31"]
[SourceVersion "1"]
[SourceVersionDate "2021.07.31"]
[SourceQuality "1"]

1. f4 d5 2. Nf3 Nf6 3. e3 g6 4. d4 Bg7 5. Bd3 0-0 6. h3 Ne4 7. 0-0 f5 8. c4 e6 9. Nc3 b6 10. Rb1 Ba6 11. cxd5 Bxd3 12. Qxd3 exd5 13. b4 c6 14. Ne5 Qd6 15. a4 Nd7 16. Ba3 Nxe5 17. dxe5 Qd7 18. Rfc1 Nxc3 19. Rxc3 Rac8 20. Rd1 Rfd8 21. Qd4 Bf8 22. Rcd3 a5 23. b5 Bxa3 24. bxc6 Qxc6 25. Rxa3 Qc5 26. Rb3 Rc6 27. Rdb1 Qxd4 28. exd4 Rc4 29. Rxb6 Rxd4 30. Rd6 Rc8 31. e6 Re4 32. Rb7 d4 33. e7 Re8 34. Rd8 Kf7 35. Rdd7 R8xe7 36. Rxe7+ Rxe7 37. Rb5 Rd7 38. Kf1 d3 39. Ke1 d2+ 40. Kd1 Rd4 41. Rxa5 Rxf4 42. Ra7+ Kf6 43. Kxd2 Rf2+ 44. Ke3 Rxg2 45. Rxh7 Ra2 46. Ra7 Kg5 47. Kf3 Ra3+ 48. Kg2 f4 49. Ra5+ Kh4 50. Ra8 Ra2+ 51. Kf3 Kg5 52. Ra5+ Kh4 53. Ra8 Kg5 54. h4+ Kf5 55. Ra5+ Kf6 56. Kxf4 Ra1 57. Ra6+ Kg7 58. Ke5 Kh6 59. Kf6 Kh5 60. Kf7 Rg1 61. a5 Kxh4 62. Rxg6 Ra1 63. Ra6 Kg5 64. Ke6 Kf4 65. Kd5 Kf5 66. Kc6 Ke6 67. Kb7+ Kd7 68. Ra7 Rb1+ 69. Ka6+ Kc6 70. Rh7 Kc5 71. Rh6 Rb2 72. Rb6 Rd2 73. Rb5+ Kc6 74. Rb3 Kc7 75. Ka7 Rd1 76. a6 Kc8 77. Rc3+ Kd7 78. Ka8 Rb1 79. a7 Rb2 80. Rh3 Kc6 81. Rh6+ Kc7 82. Rh7+ Kc6 83. Rh8 Kc7 84. Rb8 Ra2 85. Rb1 Kc6 86. Rc1+ Kd7 87. Kb8 Rb2+ 88. Ka8 Ra2 89. Rc3 Kd8 90. Rc5 Ra3 91. Kb7 Rb3+ 92. Ka6 Ra3+ 93. Ra5 Rxa5+ 94. Kxa5 Kc7 95. a8Q 1-0

[Event "GER-ch Net blitz qual1"]
[Site "Playchess.com INT"]
[Date "2021.04.24"]
[Round "4"]
[White "Kurley, Roman"]
[Black "Zettl, Thomas"]
[Result "1-0"]
[WhiteElo "1620"]
[BlackElo "1873"]
[PlyCount "85"]
[EventDate "2021.04.24"]
[EventType "swiss (blitz)"]
[EventRounds "11"]
[EventCountry "GER"]
[SourceTitle "CBM 202 Extra"]
[Source "ChessBase"]
[SourceDate "2021.07.31"]
[SourceVersion "1"]
[SourceVersionDate "2021.07.31"]
[SourceQuality "1"]

1. f4 g6 2. Nf3 Bg7 3. e4 d6 4. Bc4 Nf6 5. d3 0-0 6. 0-0 c6 7. Nc3 b5 8. Bb3 b4 9. Ne2 Bb7 10. a3 Qb6+ 11. Kh1 Ng4 12. d4 bxa3 13. Rxa3 c5 14. h3 Nf6 15. e5 Ne4 16. Be3 Nc6 17. d5 Na5 18. Qd3 f5 19. Rfa1 Ba6 20. c4 Bxc4 21. Bxc4 Nxc4 22. Qxc4 Qxb2 23. R3a2 Qb7 24. Nc3 Nxc3 25. Qxc3 Qxd5 26. Rd2 Qb7 27. Ng5 d5 28. Bxc5 Rac8 29. Qd4 e6 30. Nxe6 Rfe8 31. Nxg7 Qxg7 32. Rxa7 Rc7 33. Qxd5+ Kh8 34. Rxc7 Qxc7 35. Qd7 Qxd7 36. Rxd7 Rc8 37. Bd4 h5 38. e6+ Kg8 39. Rg7+ Kf8 40. Rh7 Rc1+ 41. Kh2 h4 42. Bf6 Ke8 43. Rh8# 1-0

[Event "DSOL 03 Liga Gr-A 1st"]
[Site "Playchess.com INT"]
[Date "2020.07.07"]
[Round "3.2"]
[White "Kurley, Roman"]
[Black "Langer, Michael Sebastian"]
[Result "1-0"]
[WhiteElo "1856"]
[BlackElo "1888"]
[PlyCount "93"]
[EventDate "2020.06.22"]
[EventType "team-tourn (rapid)"]
[EventCountry "GER"]
[SourceTitle "EXT 2021"]
[Source "ChessBase"]
[SourceDate "2020.10.23"]
[SourceVersion "1"]
[SourceVersionDate "2020.10.23"]
[SourceQuality "1"]
[WhiteTeam "Hamburger SK III"]
[BlackTeam "Braunschweig Gliesmarode"]
[WhiteTeamCountry "GER"]
[BlackTeamCountry "GER"]

1. f4 d5 2. Nf3 g6 3. g3 Bg7 4. Bg2 Nf6 5. 0-0 c6 6. d3 0-0 7. Nc3 Na6 8. Kh1 d4 9. Ne4 Nd5 10. Bd2 h6 11. c4 dxc3 12. Nxc3 Nac7 13. a3 Nxc3 14. Bxc3 Bxc3 15. bxc3 Nd5 16. Qd2 Kg7 17. e4 Nf6 18. e5 Nd5 19. c4 Nb6 20. Qc3 Na4 21. Qb4 Nb6 22. Rad1 Bg4 23. d4 e6 24. Rd2 Bxf3 25. Bxf3 Re8 26. Rfd1 Qe7 27. Qb3 Red8 28. a4 Rac8 29. a5 Na8 30. d5 cxd5 31. cxd5 exd5 32. Bxd5 Rd7 33. e6 fxe6 34. Bxe6 Rxd2 35. Rxd2 Rc7 36. Qb2+ Qf6 37. Qb3 Re7 38. Bd5 Qa1+ 39. Kg2 Qxa5 40. Qb2+ Kh7 41. Bxb7 Nb6 42. Rd8 Rg7 43. Be4 Qh5 44. Qc2 Qa5 45. f5 h5 46. fxg6+ Kh6 47. Qc1+ 1-0

[Event "Hamburg-chA"]
[Site "Hamburg"]
[Date "2018.05.25"]
[Round "5"]
[White "Kurley, Roman"]
[Black "Hermes, Simon"]
[Result "1-0"]
[WhiteElo "1686"]
[BlackElo "1653"]
[PlyCount "55"]
[EventDate "2018.05.19"]
[EventType "swiss"]
[EventRounds "7"]
[EventCountry "GER"]
[SourceTitle "EXT 2020"]
[Source "ChessBase"]
[SourceDate "2019.10.17"]
[SourceVersion "1"]
[SourceVersionDate "2019.10.17"]
[SourceQuality "1"]

1. f4 Nh6 2. Nf3 g6 3. g3 Bg7 4. Bg2 d5 5. d3 d4 6. Nbd2 c5 7. 0-0 0-0 8. a4 Qc7 9. Nc4 Be6 10. b3 Bxc4 11. bxc4 Nc6 12. Bd2 Ng4 13. Rb1 a5 14. h3 Ne3 15. Bxe3 dxe3 16. Qc1 Nb4 17. c3 Na2 18. Qxe3 Nxc3 19. Rb3 Rab8 20. Ne5 Bxe5 21. fxe5 Nxa4 22. Rfb1 b6 23. Ra1 Qd7 24. Rba3 Nb2 25. R3a2 Nxc4 26. dxc4 Qe6 27. Rc2 Rfd8 28. Kh2 1-0

[Event "Hamburg-chA"]
[Site "Hamburg"]
[Date "2018.05.23"]
[Round "4"]
[White "Eberl, Florian"]
[Black "Kurley, Roman"]
[Result "1/2-1/2"]
[WhiteElo "1635"]
[BlackElo "1686"]
[PlyCount "97"]
[EventDate "2018.05.19"]
[EventType "swiss"]
[EventRounds "7"]
[EventCountry "GER"]
[SourceTitle "EXT 2020"]
[Source "ChessBase"]
[SourceDate "2019.10.17"]
[SourceVersion "1"]
[SourceVersionDate "2019.10.17"]
[SourceQuality "1"]

1. c4 e5 2. Nc3 Nf6 3. g3 c6 4. Bg2 d5 5. cxd5 cxd5 6. d3 h6 7. e3 Nc6 8. Nge2 Be6 9. 0-0 Qd7 10. f4 Bd6 11. fxe5 Bxe5 12. Nf4 Bxf4 13. exf4 0-0 14. Ne2 Rfe8 15. Bd2 Bg4 16. Bf3 Bxf3 17. Rxf3 d4 18. Qf1 Qe6 19. Nc1 a5 20. Rf2 Qf5 21. h3 Qb5 22. Rb1 Nd5 23. Re2 Nce7 24. g4 Ng6 25. Rxe8+ Rxe8 26. Nb3 Ne3 27. Bxe3 dxe3 28. Nd4 Qd5 29. Nf5 e2 30. Qf2 Nxf4 31. Qxf4 e1Q+ 32. Rxe1 Rxe1+ 33. Kf2 Qe5 34. Qxe5 Rxe5 35. d4 Rb5 36. b3 a4 37. bxa4 Rb2+ 38. Ke3 Rxa2 39. d5 Rxa4 40. d6 g6 41. d7 Ra8 42. Ne7+ Kg7 43. Nc8 Ra3+ 44. Kd4 Ra1 45. Kc5 Rc1+ 46. Kb6 Rd1 47. Kc7 Rxd7+ 48. Kxd7 h5 49. Nd6 1/2-1/2